header

Kenneth Burke in Greenwich Village (Record no. 155097)

MARC details
000 -LEADER
fixed length control field 01875nam a2200409Ia 4500
082 04 - DEWEY DECIMAL CLASSIFICATION NUMBER
Classification number 818/.5209
-- B
100 1# - MAIN ENTRY--AUTHOR NAME
Personal name Selzer, Jack.
245 10 - TITLE STATEMENT
Title Kenneth Burke in Greenwich Village
260 ## - PUBLICATION, DISTRIBUTION, ETC. (IMPRINT)
Place of publication Madison, Wis. :
Name of publisher University of Wisconsin Press,
Year of publication c1996.
300 ## - PHYSICAL DESCRIPTION
Number of Pages 284 p. :
Other physical details ill., map.
490 1# - SERIES STATEMENT
Series statement The Wisconsin project on American writers
650 #0 - SUBJECT ADDED ENTRY--TOPICAL TERM
Topical Term American literature
Topical Term American literature
Topical Term Criticism
Topical Term Modernism (Literature)
Topical Term Modernism (Literature)
856 40 - ELECTRONIC LOCATION AND ACCESS
Uniform Resource Identifier http://site.ebrary.com/lib/rucke/Doc?id=10351491

No items available.

© 2026 Rongo University
Contact us: librarian | system librarian | Rongo university